Statistics for Jurassic World : Fallen Kingdom Dinosaurs

Click here to take the quiz!

General Stats

  • This quiz has been taken 44 times
  • The average score is 14 of 18

Answer Stats

HintAnswer% Correct
Also known as a living tankAnkylosaurus
91%
Running from the volcanic smoke. Long-neck dinosaur.Apatosaurus
91%
The saddest moment in the history of Jurassic franchise.Brachiosaurus
91%
Guess they didn't learn from the last time, did they? Don't mess with DNAs!Indoraptor
91%
Tooth got pulled out for a necklace.Stegosaurus
91%
Got smacked by a volcanic bombAllosaurus
87%
Got shot in the chestVelociraptor
87%
Lurking in the maintenance tunnel.Baryonyx
83%
Somehow still hunting for food when there's a volcano erupting behind itCarnotaurus
83%
Who on earth designed the lagoon gate as the same size as this creature?Mosasaurus
83%
Somehow the thought of saving humans overcomes its survival instinctsTyrannosaurus rex
83%
Somehow it reacts to whistles with headbumps and that's how it escapedStygimoloch
74%
Somehow has the time to lick Owen Grady when there is lava behind itSinoceratops
70%
Look! A baby!Triceratops
70%
Running from the volcanic smoke. Tiny dinosaur.Compsognathus
65%
Looks like it didn't run fast enough this time.Gallimimus
61%
Background dinosaur. Has a crest.Parasaurolophus
48%
I'm the only one in the one and only end-credit scene in the history of Jurassic movies!!!Pteranodon
39%

Score Distribution

Percentile by Number Answered

Percent of People with Each Score

Your Score History

You have not taken this quiz